000 00320nam a22001457a 4500
008 210527b ||||| |||| 00| 0 eng d
020 _a9780023483318
041 _aeng
080 _a510
082 _a510
100 _a38
101 _aMAT
245 _aDiscrete Mathematics
_cJerrold W. Grossman
942 _2udc
_cBK
999 _c57725
_d57725